|
|
|
|
| LEADER |
00000nab a2200000 a 4500 |
| 001 |
vtls000274909 |
| 003 |
SK-MaSNL |
| 005 |
20260304013308.0 |
| 008 |
160204c1986 xo 0 slo |
| 015 |
|
|
|a SNBRA19rr/mm-uuuuu
|
| 035 |
|
|
|a CL0285023
|
| 040 |
|
|
|a SNKBUCL
|b slo
|c SNKBUCL
|e AACR2
|
| 041 |
0 |
|
|a slo
|
| 044 |
|
|
|a xo
|c SK
|
| 080 |
|
|
|a 517.97:65.012.4
|2 1981
|
| 080 |
|
|
|a 65.012.4
|2 1981
|
| 080 |
|
|
|a 517.97
|2 1981
|
| 100 |
1 |
|
|a Bock, Igor,
|d 1947-
|4 aut
|9 212105
|
| 245 |
1 |
0 |
|a Variačné nerovnice a ich optimálne riadenie
|c Igor Bock
|
| 300 |
|
|
|b Lit. 19 zázn. v slov., angl., franc.
|
| 650 |
0 |
7 |
|a matematická analýza
|2 SNKPH
|9 1102
|
| 650 |
0 |
7 |
|a nerovnice variačné (mat.)
|2 snkbucl
|9 1294109
|
| 650 |
0 |
7 |
|a optimálne riadenie
|2 SNKPH
|9 50111
|
| 655 |
|
7 |
|a články zo zborníkov
|2 SNK
|9 166140
|
| 773 |
0 |
|
|t Zborník prác z vedeckej konferencie Elektrotechnickej fakulty SVŠT. Sekcia: Matematika - fyzika
|d Bratislava, 1986
|
| 850 |
|
|
|a Slovenská národná knižnica v Martine
|a MTA001
|
| 852 |
|
|
|a SNK
|b KIS3GCP
|
| 958 |
|
|
|a NB
|
| 958 |
|
|
|a RK
|
| 992 |
|
|
|a RZB
|
| 999 |
|
|
|c 2575205
|d 2577135
|